000 00499nam a2200241Ia 4500
001 068751
003 YMCAF
005 20230512160536.0
008 100717s1979 ||||||||||||||||| ||und|d
020 _a-
024 _a68751
035 _a8214
040 _aYMCAF
_beng
_cIN-KoLT
041 _aeng
082 _a671.53
_bROW
100 _aROWE, G W
245 0 _aELEMENTS OF METAL WORKING THEORY
250 _a-
260 _bEDWARD
_c1979
653 _a-
653 _a-
942 _2ddc
_cBK
999 _c5229
_d5229